ہندوستانی سا سی نظام کا تدر یجی ا ر تقا (Record no. 140735)

MARC details
000 -LEADER
fixed length control field 00887nam a22002417a 4500
005 - DATE AND TIME OF LATEST TRANSACTION
control field 20170605122328.0
008 - FIXED-LENGTH DATA ELEMENTS--GENERAL INFORMATION
fixed length control field 170605b xxu||||| |||| 00| ٠ Urdu d
010 ## - LCCN (DPL NO)
LC control number A-998654
020 ## - INTERNATIONAL STANDARD BOOK NUMBER
Terms of availability 95.00
035 ## - SYSTEM CONTROL NUMBER
System control number A-998654
037 ## - SOURCE OF ACQUISITION
Source of stock number/acquisition Cen Lib/Ret
040 ## - CATALOGING SOURCE
Original cataloging agency DPL
Language of cataloging UR
082 ## - DEWEY DECIMAL CLASSIFICATION NUMBER
Classification number 321.8
100 ## - MAIN ENTRY--PERSONAL NAME
Personal name ا یچ ا ین سنہا
9 (RLIN) 892
245 ## - TITLE STATEMENT
Title ہندوستانی سا سی نظام کا تدر یجی ا ر تقا
Remainder of title ا یچ ا ین سنہا
246 ## - VARYING FORM OF TITLE
Title proper/short title Hindustani siasi Nizam ka Tadriji Irtaqa
Remainder of title by H.N. Sinha
260 ## - PUBLICATION, DISTRIBUTION, ETC. (IMPRINT)
Place of publication, distribution, etc نئی دہلی
Name of publisher, distributor, etc قومی کونسل برائے فروغ ار دوزیان
Date of publication, distribution, etc 1999
270 ## - ADDRESS
Address 12-بلاک-I، آر - کے-پور م
City نئی دہلی
Postal code 110066
300 ## - PHYSICAL DESCRIPTION
Extent 377p.
Dimensions 22cm(Hb)
650 ## - SUBJECT ADDED ENTRY--TOPICAL TERM
Topical term or geographic name as entry element ہندوستانی تاریخ
9 (RLIN) 410
650 ## - SUBJECT ADDED ENTRY--TOPICAL TERM
Topical term or geographic name as entry element Indian History
9 (RLIN) 140331
942 ## - ADDED ENTRY ELEMENTS (KOHA)
Source of classification or shelving scheme Dewey Decimal Classification
Item type Urdu Bks
Classification part 321.8
Call number suffix س ن ہ
Holdings
Withdrawn status Lost status Source of classification or shelving scheme Damaged status Not for loan Collection code Home library Current library Date acquired Source of acquisition Cost, normal purchase price Total Checkouts Full call number Barcode Date last seen Copy number Cost, replacement price Koha item type
    Dewey Decimal Classification     Non-fiction Central Library Central Library 05/06/2017 BPPD 95.00   321.8 س ن ہ A-998654 05/06/2017 1 95.00 Urdu Bks

© Delhi Public Library
Hit Counter
free hit counter